000
00317nam a2200145Ia 4500
100
_a
wetherbe/James C
250
_a
3
942
_c
BK
654
_a
system
245
_a
System analysis and design
260
_b
Galgotia Publications
_a
New Delhi
_c
1990
082
_a
1.61
_b
WET
300
_a
395
546
_a
ENGLISH
999
_c
35629
_d
35629